000 00716nam a22002297a 4500
003 OSt
005 20260401113908.0
008 260401b |||||||| |||| 00| 0 eng d
020 _a0517093820
040 _cGRAMERCY BOOKS
041 _aenglish
050 _aPR 2841 .S53 1993
_b .S53 1993
100 _aShakespeare, William,
_d1564-1616.
245 _aComplete poems of William Shakespeare/
_cWilliam Shakespeare
250 _a1st edition.
260 _aNew York :
_bGramercy books,
_c1993.
300 _a239 pages,
_bHardcover, ill. : col ;
_c21.5 cm
504 _aIncludes bibliographical references.
650 _aPoetry, English
650 _aShakespeare, William
_xPoetry.
942 _2lcc
_cBK
_e1st ed.
_n0
999 _c10023
_d10023